| 000 | 01563cam a2200385 i 4500 | ||
|---|---|---|---|
| 999 |
_c62151 _d62151 |
||
| 001 | 18969387 | ||
| 005 | 20240724111021.0 | ||
| 008 | 160209s2015 nyua bd 000 0 eng d | ||
| 010 | _a 2016297279 | ||
| 020 | _a9781628921489 (pb) X | ||
| 020 | _a162892148X | ||
| 020 | _z9781628921496 (ePDF) X | ||
| 020 | _z9781628921502 (ePub) X | ||
| 041 | _aeng | ||
| 080 | _a070(038) W-32 | ||
| 100 | 1 |
_aWatson, James, _d1936- _eauthor. _922919 |
|
| 245 | 1 | 0 |
_aDictionary of media and communication studies / _cJames Watson, and Anne Hill. |
| 246 | 1 | 4 | _aDictionary of media & communication studies |
| 250 | _a9th edition. | ||
| 264 | 1 |
_aNew York : _bBloomsbury Academic, an imprint of Bloomsbury Publishing Inc., _c2015. |
|
| 300 |
_axxvi, 373 pages : _billustrations ; _c23 cm |
||
| 337 |
_aunmediated _bn _2rdamedia |
||
| 338 |
_avolume _bnc _2rdacarrier |
||
| 504 | _aIncludes bibliographical references. | ||
| 650 | 0 |
_aCommunication _vDictionaries. _922920 |
|
| 650 | 0 |
_aMass media _vDictionaries. _922921 |
|
| 650 | 7 |
_aCommunication. _2fast _0(OCoLC)fst00869952 _922922 |
|
| 650 | 7 |
_aMass media. _2fast _0(OCoLC)fst01011219 _922923 |
|
| 653 | _aმედიისა და კომუნიკაციის კვლევების ლექსიკონი | ||
| 700 | 1 |
_aHill, Anne, _d1952- _eauthor. _922925 |
|
| 700 | 1 |
_aWatson, James, _d1936- _tDictionary of communication and media studies. _922926 |
|
| 906 |
_a7 _bcbc _ccopycat _d2 _encip _f20 _gy-gencatlg |
||
| 942 |
_2udc _cBK |
||
| 955 |
_bxk25 2016-02-09 z-processor _ixk29 2017-10-12 to BCCD |
||